| 000 | 00496nam a2200181 a 4500 | ||
|---|---|---|---|
| 001 | 34533 | ||
| 005 | 20180714002657.0 | ||
| 008 | 140415s1964 000 0 spa d | ||
| 041 | _aspa | ||
| 082 |
_a330.1 _bROB |
||
| 100 | 1 | _aROBINSON, JOAN | |
| 245 | 1 | 0 | _aENSAYOS SOBRE ANALISIS ECONOMICO |
| 260 |
_a[s.l.] : _bFONDO DE CULTURA ECONOMICA, _c1964 |
||
| 300 | _a238 | ||
| 490 | _aSECCION DE OBRAS DE ECONOMIA | ||
| 650 | 1 | 4 | _aECONOMIA TEORIAS |
| 700 | 1 |
_aCHAVEZ, MARTA _etr. |
|
| 999 |
_c34533 _d34533 |
||